000 00635 a2200181 4500
003 Nust
005 20170207153550.0
040 _cNust
082 _a621.382
100 _aAlam, Mehboob (MSEE-4)
245 _aHardware implementaion of pipelined IIR digital filters
_cMehboob Alam
260 _bMCS
_cMarch 2000
_aRwp
300 _aix, 66 p
505 _aIntroduction (page-1), Filter architecture (page-2), Pipelining in IIR digital filters (page-23), Implementation of pipelined IIR digital filters (page-32), Conclusions and future proposals (page-63).
538 _aAlmirah No.69 shelf No.2
650 _aMSEE Thesis
651 _aMSEE-4
942 _cTHS
999 _c188809
_d188809